Formalist criticism of selected wattpad stories (Record no. 74549)

MARC details
000 -LEADER
fixed length control field 02386nam a22002777i 4500
003 - CONTROL NUMBER IDENTIFIER
control field URS
003 - CONTROL NUMBER IDENTIFIER
control field URS
005 - DATE AND TIME OF LATEST TRANSACTION
control field 20240416181554.0
008 - FIXED-LENGTH DATA ELEMENTS--GENERAL INFORMATION
fixed length control field 170201b xxu||||| |||| 00| 0 eng d
040 ## - CATALOGING SOURCE
Original cataloging agency URS
Language of cataloging eng
Description conventions rda
041 ## - LANGUAGE CODE
Language code of text/sound track or separate title eng
050 00 - LIBRARY OF CONGRESS CALL NUMBER
Classification number PN 771
Item number .F767 2015
245 ## - TITLE STATEMENT
Title Formalist criticism of selected wattpad stories
Statement of responsibility, etc. Rosette A. Sevilla... [et al.].
260 ## - PUBLICATION, DISTRIBUTION, ETC.
Date of publication, distribution, etc. 2015
300 ## - PHYSICAL DESCRIPTION
Extent 59 leaves :
Other physical details illustrations ;
Dimensions 28 cm.
336 ## - CONTENT TYPE
Content type term text
Content type code txt
Source rdacontent
337 ## - MEDIA TYPE
Media type term unmediated
Media type code n
Source rdamedia
338 ## - CARRIER TYPE
Carrier type term volume
Carrier type code nc
Source rdacarrier
502 ## - DISSERTATION NOTE
Degree type Thesis (Bachelor of Secondary Education major in English) -- University of Rizal System-Morong.
520 ## - SUMMARY, ETC.
Summary, etc. EXECUTIVE SUMMARY: This study was conducted to show how Formalist Criticism affects WATTPAD Stories through different elements and parts of the story such as form, mood, and discourse. The research was conducted at the University of Rizal System Morong Rizal during the academic year 2014-2015. The descriptive qualitative type of research was used since the analysis and interpretation do not require quantification but rather an investigation based from the identification of the novel's structural elements. Data of the study were gathered through the discussion of the selected Wattpad stories using Formalist Criticism. Different elements from this literary trend were used such as form (for the different elements), mood (for the different emotions) and discourse (for the use of words). The findings shown the presentation of the characters, setting, plot and theme in form were sufficient to meet the reader's goal to be entertained. In conclusion, the presentation of the mood is shown in discourses that gave life and action of the whole story that was shown in two novels. The three elements are interrelated to one another that creates a meaning on the text and made the two novels as meaningful whole. After having accomplished the discussions of all the elements of Formalist Criticism, the researchers recommended Wattpad as a material to study different theories like reader response theory and it can also be a material in teaching literature.
700 1# - ADDED ENTRY--PERSONAL NAME
Personal name Bisabis, Abegail D.
Relator term author
700 1# - ADDED ENTRY--PERSONAL NAME
Personal name Balgoa, Ashriel G.
Relator term author
700 1# - ADDED ENTRY--PERSONAL NAME
Personal name Alcantara, Dianarra R.
Relator term author
856 ## - ELECTRONIC LOCATION AND ACCESS
Materials specified Online Request for Student Unpublished Works
Uniform Resource Identifier <a href="https://forms.gle/7LqvGGkaDrUQqz429">https://forms.gle/7LqvGGkaDrUQqz429</a>
942 ## - ADDED ENTRY ELEMENTS (KOHA)
Source of classification or shelving scheme Library of Congress Classification
Koha item type Theses and dissertations

No items available.

University of Rizal System
Email us at univlibservices@urs.edu.ph

Visit our Website www.urs.edu.ph/library